000 nam a22 a 4500
999 _c4789
_d4789
003 AKMAL
005 20190131100952.0
008 071101s20 my a e | 000 0 may d
020 _a9789834214807
082 0 4 _a305.908 MGT
_222
090 0 0 _a305.908
_bMGT
100 0 _aMohd Ghazali Tocheh,
_d1949-
_97761
245 1 0 _aSiapa bersama mereka /
_cMohd Ghazali Tocheh, Norhashimah Hashim & Amy Suzani Mohd. Ainuddin
260 _aKuala Lumpur :
_bMajlis Kebangsaan Bagi Orang Buta Malaysia,
_c2006
300 _a216ms. ;
_c21cm.
650 1 0 _aPeople with disabilities
_91642
700 0 _aNorhashimah Hashim,
_d1964-
_99133
700 0 _aAmy Suzani Mohd. Ainuddin,
_d1967-
_99134
942 _2ddc
_cBOOK